000
00259nam a22001097a 4500
082
_a
823
_b
ORI/P
100
_a
ORIENT LONGMAN
245
_a
THE PRINCESS AND THE PEA
260
_a
HYDERABAD
_b
ORIENT LONGMAN
_c
1992
650
_a
PASSAGE LEAFLETS
_z
INDIA
942
_c
BK
999
_c
4302
_d
4302